00793pam a2200241 i 450000100060000000300080000600500170001400800390003102000150007003500190008504000320010404100080013608200230014410000340016724501070020126000320030830000270034050400390036765000340040665000480044065000380048865000250052614052BD-RjUL20211208235550.0140205s1980 mou b 001 0 eng a0801642043 a(BD-RjUL)14104 aDLCcDLCdDLCdBD-RjULbeng aeng00a610.7368bROC 19801 aRowan, Frances Power,d1938- 14aThe chronically distressed client :ba model for intervention in the community /cFrances Power Rowan. aSt. Louis :bMosby,cc1980. axiii, 217 p. ;c24 cm. aIncludes bibliographies and index. 0aMentally illxRehabilitation. 0aMentally illxRehabilitationxCase studies. 0aCommunity mental health services. 0aPsychiatric nursing.